000 00374nam a2200109Ia 4500
008 171204s9999 xx 000 0 und d
245 _aExecutive Team Leadership in the Global Economic and Competitive Environment:
245 _cRichard L. Nolan
260 _c2015
650 _xGROUP DYNAMICS WITH TRAINING TECHNIQUES
856 _uhttp://down.ebook777.com/053/1138813877.pdf
999 _c346444
_d346444